| 000 | 00499nam a2200169 a 4500 | ||
|---|---|---|---|
| 001 | 2059 | ||
| 003 | CDMR | ||
| 005 | 20130320111623.0 | ||
| 008 | 130130s1987||||||||||||||||||||||||||||d | ||
| 020 | _a8489727163 | ||
| 040 |
_aCDMR _bcat _cCPC LLEIDA |
||
| 245 | 0 | 3 |
_aLa imagen de la mujer en la literatura _ccoordinadora: Mª Ángeles Calero Fernández |
| 260 |
_aLleida _c1987 _bUniversitat de Lleida |
||
| 490 | 0 |
_aScriptura _v12 |
|
| 700 | 1 |
_91532 _aCalero Fernández, María Ángeles |
|
| 942 |
_cMON _2udc |
||
| 999 |
_c2059 _d2059 |
||